000 00659nam a22002297a 4500
003 UA-OsUOA
001 70194
007 ta
008 20100901b un ||||| |||| 00| 0 ukr d
100 _aПогребенник Ф. П.
090 _a821.161.2
_bП43
942 _cBK
040 _aUA-OsUOA
_bukr
_cUA-OsUOA
_dUA-OsUOA
245 _aВасиль Стефаник у слов'янських літературах
300 _a293 с.
955 _a2
041 _aukr
080 _a821.161.2
260 _aК.
_bНаукова думка
_c1976
650 7 _a82 Література. Літературознавство
_2UDC
999 _c356467
_d356467